Employment News (Record no. 19922)
[ view plain ]
| 000 -LEADER | |
|---|---|
| fixed length control field | 00268nam a22001097a 4500 |
| 008 - FIXED-LENGTH DATA ELEMENTS--GENERAL INFORMATION | |
| fixed length control field | 230228b |||||||| |||| 00| 0 eng d |
| 245 ## - TITLE STATEMENT | |
| Title | Employment News |
| 260 ## - PUBLICATION, DISTRIBUTION, ETC. (IMPRINT) | |
| Place of publication | New Delhi |
| Name of publisher | Anupama Bhatnagar |
| Year of publication | 2023 |
| 300 ## - PHYSICAL DESCRIPTION | |
| Number of Pages | 40 |
| 440 ## - SERIES STATEMENT/ADDED ENTRY--TITLE | |
| Title | Employment News |
| 942 ## - ADDED ENTRY ELEMENTS (KOHA) | |
| Source of classification or shelving scheme | Dewey Decimal Classification |
| Koha item type | News Paper |
| Accession Number | Source of acquisition | Koha item type | Withdrawn / writtenoff status | Damaged status | Not for loan | Permanent Location | Current Location | Date acquired | Lost/ Missing status |
|---|---|---|---|---|---|---|---|---|---|
| N 9 | Vijay News Agency | News Paper | MIET Library, Jammu | MIET Library, Jammu | 01/07/2023 |